01602nam a2200433 i 4500001000700000003000800007005001700015006001900032007001500051008004100066020002700107035002300134035002400157035002500181035002200206040003100228050002200259080000800281082001600289100003600305245016300341264006100504300004100565336003100606337003300637338004300670490003100713500002300744504004300767588012900810650002200939650003200961650001400993650002601007650001401033655002701047830003201074856006201106100147FlNmELB20241217173027.0m o d | cr cnu||||||||170927s2016 sp ob 001 0 spa d a9788490126417 (e-book) a(MiAaPQ)EBC4908955 a(Au-PeEL)EBL4908955 a(CaPaEBR)ebr11410486 a(OCoLC)1105448827 aFINmELBbspaerdacFINmELB 4aLB3605bR696 2016 a3780 a378.1982231 aRodríguez Portuguez, Gabriel.10aFunciones ejecutivas, rasgos de personalidad y rendimiento académico en estudiantes universitarios de ciencias de la salud /cGabriel Rodríguez Portuguez. 1aSalamanca :bEdiciones Universidad de Salamanca,c[2016] a1 recurso en línea (149 páginas) atextobtxt2rdacontent/spa acomputadorabc2rdamedia/spa arecurso en líneabcr2rdacarrier/spa1 aColección Vítor ;v398 aContiene índice. aContiene referencias bibliográficas. aDescripción basada en recurso en línea; Título de la página del título en PDF (e-libro, visto September 27, 2017). 0aCollege students. 4aEstudiantes universitarios. 0aMedicine. 4aCiencias de la salud. 4aMedicina. 4aLibros electrónicos. 0aColección Vítor ;v398.40uhttps://elibro.net/ereader/politecnicointernacional/55858